Statistics for Hoenn Battle Frontier

Click here to take the quiz!

General Stats

  • This quiz has been taken 17 times
  • The average score is 5 of 7

Answer Stats

Facility Frontier Brain % Correct
Battle PyramidPyramid King Brandon
92%
Battle ArenaArena Tycoon Greta
83%
Battle PikePike Queen Lucy
83%
Battle TowerSalon Maiden Anabel
75%
Battle DomeDome Ace Tucker
67%
Battle FactoryFactory Head Noland
58%
Battle PalacePalace Maven Spenser
42%

Score Distribution

Percentile by Number Answered

Percent of People with Each Score

Your Score History

You have not taken this quiz